Hinman's atlas of Urologic surgery (Record no. 64073)

MARC details
000 -LEADER
fixed length control field 01041nam a2200217 a 4500
008 - FIXED-LENGTH DATA ELEMENTS--GENERAL INFORMATION
fixed length control field 220118s2019 ||||||||||||||||| || u
020 ## - INTERNATIONAL STANDARD BOOK NUMBER
International Standard Book Number 9780323655651
050 ## - LIBRARY OF CONGRESS CALL NUMBER
Classification number RD 571 Smi
100 ## - MAIN ENTRY--PERSONAL NAME
Personal name Dmochowski R. Roger
245 10 - TITLE STATEMENT
Title Hinman's atlas of Urologic surgery
Statement of responsibility, etc. Joseph A. Smith, Jr ; Stuart S. Howards ; Glen M. Preminger ; Roger R. Dmochowski
250 ## - EDITION STATEMENT
Edition statement fourth edition
260 ## - PUBLICATION, DISTRIBUTION, ETC.
Place of publication, distribution, etc. Philadelpia
Name of publisher, distributor, etc. Elsevier
Date of publication, distribution, etc. 2019
300 ## - PHYSICAL DESCRIPTION
Extent xxv,977pages : illustrations
650 ## - SUBJECT ADDED ENTRY--TOPICAL TERM
Topical term or geographic name entry element GENITOURINARY ORGANS--SURGERY--ATALASES
650 ## - SUBJECT ADDED ENTRY--TOPICAL TERM
Topical term or geographic name entry element UROGENITAL SYSTEM--SURGERY--ATLASES
700 ## - ADDED ENTRY--PERSONAL NAME
Personal name Howards S. Stuart
700 ## - ADDED ENTRY--PERSONAL NAME
Personal name Preminger M. Glen
700 ## - ADDED ENTRY--PERSONAL NAME
Personal name Smith A. Joseph
995 ## -
-- MEDICAL LIBRARY OPEN ACCESS
-- 905286
-- CBU-SCHOOL OF MEDICINE LIBRARY (Ndola)
-- 252.17
-- RD 571 Smi
-- 1
-- AVAILABLE
-- Jan 18, 2022
-- 905286
-- Medical Library Open Access Collection
995 ## -
-- MEDICAL LIBRARY OPEN ACCESS
-- 905287
-- CBU-SCHOOL OF MEDICINE LIBRARY (Ndola)
-- 252.17
-- RD 571 Smi
-- 2
-- AVAILABLE
-- Jan 18, 2022
-- 905287
-- Medical Library Open Access Collection
999 ## -
-- 64073
-- 64073
Holdings
Withdrawn status Lost status Source of classification or shelving scheme Damaged status Not for loan Permanent Location Current Location Shelving location Date acquired Total Checkouts Full call number Barcode Date last seen Copy number Price effective from Koha item type
          CBU-SCHOOL OF MEDICINE LIBRARY, NDOLA. CBU-SCHOOL OF MEDICINE LIBRARY, NDOLA.   02/09/2023   RD 571 Smi 905286 02/09/2023 1 02/09/2023 MONOGRAPH
          CBU-SCHOOL OF MEDICINE LIBRARY, NDOLA. CBU-SCHOOL OF MEDICINE LIBRARY, NDOLA.   02/09/2023   RD 571 Smi 905287 02/09/2023 2 02/09/2023 MONOGRAPH